Tohtoročnému cieľu a novým úlohám [vo vnútornom obchode]

Bibliographic Details
Main Author: Hullová, Anna (Author)
Format: Article
Language:Slovak
Subjects:

MARC

LEADER 00000nab a2200000 a 4500
001 vtls008940050
003 SK-MaSNL
005 20260311224523.0
008 051114 1976 xo 000 0 slo
015 |a SNBRB1977 
040 |a SNKBUCL  |b slo  |c SNKBUCL  |e AACR2 
041 0 |a slo 
044 |a xo  |c SK 
080 |a 339.3(437)  |2 2001 
100 1 |a Hullová, Anna  |4 aut  |9 1222772 
245 1 0 |a Tohtoročnému cieľu a novým úlohám  |b [vo vnútornom obchode]  |c Anna Hullová 
650 0 7 |a vnútorný obchod  |2 snkbucl  |9 2197 
651 7 |a Československo  |2 snkbucl  |9 21376 
773 0 |t Nov. vnitř. obchodu  |g Roč. 23, č. 48 (1976), s. 1 
999 |c 3259913  |d 3261843